[Event "Sao Paulo op 5th"]
[Site "Sao Paulo"]
[Date "2016.10.16"]
[Round "5"]
[White "Oliveira, Jefferson dos Santo"]
[Black "Gazola, Vanessa Ramos"]
[Result "1/2-1/2"]
[WhiteElo "2227"]
[BlackElo "2030"]
[PlyCount "32"]
[EventDate "2016.10.13"]
[EventType "swiss"]
[EventRounds "6"]
[EventCountry "BRA"]
[SourceTitle "CBM 175 Extra"]
[Source "ChessBase"]
[SourceDate "2016.12.12"]
[SourceVersion "1"]
[SourceVersionDate "2016.12.12"]
[SourceQuality "1"]

1. e4 c5 2. Nf3 Nc6 3. d4 cxd4 4. Nxd4 e5 5. Nb5 a6 6. Nd6+ Bxd6 7. Qxd6 Qf6 8. Qc7 Nge7 9. Nc3 Nb4 10. Bd3 d5 11. 0-0 d4 12. Ne2 0-0 13. f4 Bg4 14. Ng3 Rfc8 15. Qxb7 Rab8 16. Qa7 Ra8 1/2-1/2

[Event "Sao Paulo op 5th"]
[Site "Sao Paulo"]
[Date "2016.10.15"]
[Round "3"]
[White "Oliveira, Jefferson dos Santo"]
[Black "Sztokbant, Bernardo Vainzoff"]
[Result "1/2-1/2"]
[WhiteElo "2227"]
[BlackElo "2162"]
[PlyCount "67"]
[EventDate "2016.10.13"]
[EventType "swiss"]
[EventRounds "6"]
[EventCountry "BRA"]
[SourceTitle "CBM 175 Extra"]
[Source "ChessBase"]
[SourceDate "2016.12.12"]
[SourceVersion "1"]
[SourceVersionDate "2016.12.12"]
[SourceQuality "1"]

1. e4 e5 2. Nf3 Nc6 3. Bc4 Bc5 4. b4 Bxb4 5. c3 Be7 6. d4 Na5 7. Nxe5 Nxc4 8. Nxc4 d5 9. exd5 Qxd5 10. Ne3 Qa5 11. 0-0 Nf6 12. d5 0-0 13. Qf3 Bd7 14. Rd1 Bc5 15. c4 Ba4 16. Rd2 Rae8 17. g3 Ne4 18. Re2 Bd4 19. Bb2 Qb6 20. c5 Qxb2 21. Rxb2 Bxb2 22. Nc3 Bxc3 23. Rc1 Bd4 24. Nf5 Bxf2+ 25. Kg2 Bd7 26. d6 Bc6 27. Ne7+ Rxe7 28. dxe7 Re8 29. Qf4 Ng5+ 30. Kf1 Bb5+ 31. Kg2 Bc6+ 32. Kf1 Bb5+ 33. Kg2 Bc6+ 34. Kf1 1/2-1/2

[Event "BRA-chT U26"]
[Site "Foz do Iguacu"]
[Date "2012.10.20"]
[Round "5"]
[White "De Freitas, Daniel Gomes"]
[Black "Oliveira, Jefferson dos Santo"]
[Result "1-0"]
[WhiteElo "1870"]
[BlackElo "2255"]
[PlyCount "75"]
[EventDate "2012.10.18"]
[EventType "team-swiss"]
[EventRounds "7"]
[EventCountry "BRA"]
[SourceTitle "EXT 2013"]
[Source "ChessBase"]
[SourceDate "2012.11.22"]
[SourceVersion "1"]
[SourceVersionDate "2012.11.22"]
[SourceQuality "1"]

1. e4 a6 2. d4 d6 3. a4 Nf6 4. Nc3 g6 5. f3 Nbd7 6. Be3 c6 7. Qd2 Qa5 8. Nge2 b5 9. Nc1 b4 10. N3e2 Rb8 11. Nb3 Qc7 12. a5 h5 13. h4 Bg7 14. Nf4 e6 15. Rd1 0-0 16. Be2 c5 17. dxc5 d5 18. exd5 exd5 19. Nd3 Qg3+ 20. Kf1 Qc7 21. Bf4 Qb7 22. Bxb8 Qxb8 23. c6 Ne5 24. Qxb4 Qc7 25. Qb6 Qe7 26. Qc5 Qc7 27. Nb4 d4 28. Rxd4 Re8 29. Qd6 Qa7 30. c7 Nfd7 31. Re4 Bf8 32. Qd4 Qxc7 33. f4 Nc5 34. Rxe5 Nxb3 35. Qc3 Nc5 36. Rxe8 Qxf4+ 37. Bf3 Qc7 38. Nd5 1-0

[Event "BRA-chT U26"]
[Site "Foz do Iguacu"]
[Date "2012.10.19"]
[Round "2"]
[White "Oliveira, Jefferson dos Santo"]
[Black "Bisesar, Maycon da Costa"]
[Result "1-0"]
[WhiteElo "2255"]
[BlackElo "1835"]
[PlyCount "51"]
[EventDate "2012.10.18"]
[EventType "team-swiss"]
[EventRounds "7"]
[EventCountry "BRA"]
[SourceTitle "EXT 2013"]
[Source "ChessBase"]
[SourceDate "2012.11.22"]
[SourceVersion "1"]
[SourceVersionDate "2012.11.22"]
[SourceQuality "1"]

1. e4 c5 2. Nf3 d6 3. d4 cxd4 4. Nxd4 Nf6 5. Nc3 g6 6. Be3 Bg7 7. f3 0-0 8. Qd2 Nc6 9. Bc4 Bd7 10. Bb3 Nxd4 11. Bxd4 b5 12. Nd5 a5 13. Bb6 Qe8 14. Bxa5 Nxd5 15. Bxd5 Bxb2 16. Rb1 Rxa5 17. Qxa5 Bd4 18. Qd2 Bc5 19. Bb3 Qa8 20. h4 Qa7 21. h5 Be3 22. Qd3 g5 23. Kf1 Bf4 24. h6 Bg3 25. Qd2 b4 26. Qxg5+ 1-0

[Event "BRA-chT U26"]
[Site "Foz do Iguacu"]
[Date "2012.10.19"]
[Round "3"]
[White "Rabello, Felipe Botelho"]
[Black "Oliveira, Jefferson dos Santo"]
[Result "1-0"]
[WhiteElo "2064"]
[BlackElo "2255"]
[PlyCount "89"]
[EventDate "2012.10.18"]
[EventType "team-swiss"]
[EventRounds "7"]
[EventCountry "BRA"]
[SourceTitle "EXT 2013"]
[Source "ChessBase"]
[SourceDate "2012.11.22"]
[SourceVersion "1"]
[SourceVersionDate "2012.11.22"]
[SourceQuality "1"]

1. e4 c5 2. Nf3 d6 3. d4 Nf6 4. Nc3 cxd4 5. Nxd4 a6 6. Be2 e5 7. Nb3 Be7 8. a4 Be6 9. f4 Qc7 10. f5 Bc4 11. a5 Nbd7 12. Be3 Rc8 13. Ra4 Bxe2 14. Qxe2 0-0 15. 0-0 Qc6 16. Qf3 Rfd8 17. g4 h6 18. h4 Nh7 19. Qg3 f6 20. Nd2 Nc5 21. Rc4 Qe8 22. Nd5 Rc6 23. Nf3 Rdc8 24. g5 fxg5 25. hxg5 hxg5 26. Nxg5 Nd7 27. Rb4 Ndf6 28. Nxh7 Kxh7 29. Rxb7 Nxd5 30. exd5 Rxc2 31. f6 gxf6 32. Rxf6 Rc1+ 33. Bxc1 Rxc1+ 34. Rf1 Rxf1+ 35. Kxf1 Qf8+ 36. Qf2 Kg6 37. Qxf8 Bxf8 38. Rb6 Kf5 39. Rxa6 Ke4 40. Rb6 Kd3 41. a6 e4 42. a7 e3 43. Rb3+ Kd2 44. Rxe3 Kxe3 45. a8Q 1-0

[Event "Universiad Men 26th"]
[Site "Shenzhen"]
[Date "2011.08.18"]
[Round "5"]
[White "Oliveira, Jefferson dos Santo"]
[Black "Pavlov, Sergey1111"]
[Result "1/2-1/2"]
[WhiteElo "2256"]
[BlackElo "2505"]
[PlyCount "41"]
[EventDate "2011.08.15"]
[EventType "swiss"]
[EventRounds "9"]
[EventCountry "CHN"]
[SourceTitle "CBM 143 Extra"]
[Source "ChessBase"]
[SourceDate "2011.08.29"]
[SourceVersion "1"]
[SourceVersionDate "2011.08.29"]
[SourceQuality "1"]

1. e4 e5 2. Nf3 Nc6 3. Bb5 a6 4. Ba4 Nge7 5. c3 g6 6. d4 exd4 7. cxd4 b5 8. Bb3 Bg7 9. a4 Bb7 10. 0-0 0-0 11. Re1 Na5 12. Ba2 d6 13. Bg5 h6 14. Bh4 Qd7 15. e5 Nd5 16. Nbd2 Ne7 17. Nb1 Nd5 18. Nbd2 Nf4 19. Bg3 dxe5 20. Nxe5 Qxd4 21. Ndf3 1/2-1/2

[Event "Universiad Men 26th"]
[Site "Shenzhen"]
[Date "2011.08.15"]
[Round "2"]
[White "Wong, Kai Meng"]
[Black "Oliveira, Jefferson dos Santo"]
[Result "0-1"]
[WhiteElo "1712"]
[BlackElo "2256"]
[PlyCount "54"]
[EventDate "2011.08.15"]
[EventType "swiss"]
[EventRounds "9"]
[EventCountry "CHN"]
[SourceTitle "CBM 143 Extra"]
[Source "ChessBase"]
[SourceDate "2011.08.29"]
[SourceVersion "1"]
[SourceVersionDate "2011.08.29"]
[SourceQuality "1"]

1. d4 Nf6 2. c4 e6 3. a3 d5 4. e3 c6 5. Nc3 Nbd7 6. Bd3 Bd6 7. Nf3 0-0 8. 0-0 dxc4 9. Bxc4 e5 10. Ng5 Qe7 11. f4 exd4 12. exd4 Nb6 13. Re1 Qc7 14. Bxf7+ Rxf7 15. Nxf7 Qxf7 16. a4 Bg4 17. Qd3 Rd8 18. h3 Be6 19. a5 Bc4 20. Qc2 Bb3 21. Qd3 Nbd7 22. Nb1 Nc5 23. Qf3 Bd5 24. Qf1 Bc4 25. Qf3 Nb3 26. Ra4 Bb5 27. Ra2 Nxd4 0-1

[Event "Sao Paulo Masters 2nd"]
[Site "Sao Paulo"]
[Date "2011.05.10"]
[Round "3.1"]
[White "Cohn, Max Eduardo"]
[Black "Oliveira, Jefferson dos Santo"]
[Result "0-1"]
[WhiteElo "2131"]
[BlackElo "2256"]
[PlyCount "68"]
[EventDate "2011.05.10"]
[EventType "k.o. (blitz)"]
[EventRounds "4"]
[EventCountry "BRA"]
[SourceTitle "CBM 142 Extra"]
[Source "ChessBase"]
[SourceDate "2011.06.27"]
[SourceVersion "1"]
[SourceVersionDate "2011.06.27"]
[SourceQuality "1"]

1. Nf3 Nf6 2. g3 d5 3. Bg2 Nc6 4. d4 g6 5. 0-0 Bg7 6. c3 0-0 7. Bg5 Ne4 8. Bf4 Re8 9. Nbd2 Bf5 10. Nh4 Nxd2 11. Qxd2 Be6 12. Bh6 Bf6 13. Nf3 Bf5 14. Bg5 Bg7 15. Nh4 Be6 16. Rae1 Qd7 17. e4 dxe4 18. Bxe4 Bxa2 19. d5 Nd8 20. Ra1 Bc4 21. Rfd1 Qb5 22. Ng2 c6 23. Ne3 cxd5 24. Nxd5 Bxd5 25. Bxd5 e6 26. Bg2 Nc6 27. Qd7 Qxg5 28. Qxb7 Ne7 29. Rd7 Rab8 30. Qc7 Nd5 31. Bxd5 exd5 32. Rxf7 Be5 33. Qd7 Rbd8 34. Qb5 Kxf7 0-1

[Event "Sao Paulo Masters 2nd"]
[Site "Sao Paulo"]
[Date "2011.05.10"]
[Round "3.2"]
[White "Oliveira, Jefferson dos Santo"]
[Black "Cohn, Max Eduardo"]
[Result "1-0"]
[WhiteElo "2256"]
[BlackElo "2131"]
[PlyCount "103"]
[EventDate "2011.05.10"]
[EventType "k.o. (blitz)"]
[EventRounds "4"]
[EventCountry "BRA"]
[SourceTitle "CBM 142 Extra"]
[Source "ChessBase"]
[SourceDate "2011.06.27"]
[SourceVersion "1"]
[SourceVersionDate "2011.06.27"]
[SourceQuality "1"]

1. e4 Nf6 2. e5 Nd5 3. d4 d6 4. Nf3 Bg4 5. Be2 e6 6. h3 Bh5 7. Nbd2 c6 8. c4 Nf4 9. 0-0 Nxe2+ 10. Qxe2 Nd7 11. exd6 Bxd6 12. Ne4 Nf6 13. Nxd6+ Qxd6 14. Be3 0-0 15. Rfd1 Qb4 16. b3 h6 17. Bf4 Qc3 18. Rac1 Bxf3 19. Qxf3 Qxf3 20. gxf3 Rfd8 21. Be5 Nd7 22. Bc7 Rdc8 23. Bd6 a5 24. Kf1 a4 25. b4 b5 26. cxb5 cxb5 27. Ke2 Nb6 28. Rc5 Nc4 29. Bf4 Rxc5 30. bxc5 Rd8 31. Be3 Kf8 32. Rb1 Na3 33. Rb4 Nc2 34. Rxb5 Nxd4+ 35. Bxd4 Rxd4 36. Ke3 Rc4 37. Kd3 Rc1 38. Rb4 Rxc5 39. Rxa4 Rd5+ 40. Rd4 Rf5 41. Ke4 Rh5 42. a4 Rh4+ 43. Ke3 Rxh3 44. a5 Rh1 45. Ra4 Re1+ 46. Kd4 Rc1 47. a6 Rc8 48. a7 Ra8 49. Kc5 Ke7 50. Kc6 Rc8+ 51. Kb7 Kd7 52. Rd4+ 1-0

[Event "Sao Paulo Braga op"]
[Site "Sao Paulo"]
[Date "2011.04.24"]
[Round "9"]
[White "Perdomo, Leandro Daniel"]
[Black "Oliveira, Jefferson dos Santo"]
[Result "1-0"]
[WhiteElo "2382"]
[BlackElo "2264"]
[PlyCount "45"]
[EventDate "2011.04.20"]
[EventType "swiss"]
[EventRounds "9"]
[EventCountry "BRA"]
[SourceTitle "CBM 141 Extra"]
[Source "ChessBase"]
[SourceDate "2011.05.03"]
[SourceVersion "1"]
[SourceVersionDate "2011.05.03"]
[SourceQuality "1"]

1. d4 Nf6 2. c4 e6 3. Nf3 d5 4. Nc3 Bb4 5. cxd5 exd5 6. Bg5 c6 7. Qb3 Qc7 8. e3 Nbd7 9. Bd3 h6 10. Bh4 0-0 11. 0-0 Re8 12. a3 Ba5 13. Qc2 Qb8 14. b4 Bd8 15. Na4 a6 16. Nc5 Be7 17. Rab1 a5 18. Rfc1 axb4 19. axb4 Bxc5 20. bxc5 Ne4 21. Bxe4 Rxe4 22. Bg3 Re6 23. Nd2 1-0

[Event "Sao Paulo Tabuleiro Cultural 2nd"]
[Site "Sao Paulo"]
[Date "2009.12.18"]
[Round "1"]
[White "Oliveira, Jefferson dos Santo"]
[Black "Terao, Rodrigo Akira"]
[Result "1/2-1/2"]
[WhiteElo "2278"]
[BlackElo "2264"]
[PlyCount "52"]
[EventDate "2009.12.07"]
[EventType "tourn"]
[EventRounds "8"]
[EventCountry "BRA"]
[SourceTitle "EXT 2022"]
[Source "ChessBase"]
[SourceDate "2021.10.06"]
[SourceVersion "1"]
[SourceVersionDate "2021.10.06"]
[SourceQuality "1"]

1. d4 d5 2. c4 Nc6 3. Nc3 e5 4. cxd5 Nxd4 5. e3 Nf5 6. Nf3 Bd6 7. e4 Nfe7 8. Bg5 h6 9. Bh4 a6 10. Be2 Bd7 11. Qd2 Qb8 12. Bg3 Ng6 13. h4 h5 14. 0-0 Qd8 15. Nd1 Nf6 16. Ng5 Nh7 17. Bxh5 Nxg5 18. Bxg6 Nh3+ 19. gxh3 fxg6 20. Kh2 Qf6 21. f3 0-0-0 22. Ne3 Bb5 23. Ng4 Qe7 24. Rfc1 Rdf8 25. Kg2 Rxh4 26. Qe3 Kb8 1/2-1/2

[Event "Sao Paulo Tabuleiro Cultural 2nd"]
[Site "Sao Paulo"]
[Date "2009.12.17"]
[Round "9"]
[White "Abdalla, Luiz Guilherme"]
[Black "Oliveira, Jefferson dos Santo"]
[Result "1-0"]
[WhiteElo "2166"]
[BlackElo "2278"]
[PlyCount "56"]
[EventDate "2009.12.07"]
[EventType "tourn"]
[EventRounds "8"]
[EventCountry "BRA"]
[SourceTitle "EXT 2022"]
[Source "ChessBase"]
[SourceDate "2021.10.06"]
[SourceVersion "1"]
[SourceVersionDate "2021.10.06"]
[SourceQuality "1"]

1. d4 Nf6 2. c4 e6 3. Nc3 Bb4 4. a3 Bxc3+ 5. bxc3 c5 6. f3 0-0 7. e4 Ne8 8. f4 Nc6 9. Nf3 b6 10. Bd3 Ba6 11. Be3 Qe7 12. 0-0 Na5 13. Qe2 Rc8 14. Nd2 f5 15. e5 d6 16. Rfe1 dxe5 17. fxe5 Qd7 18. g4 g6 19. Bh6 Ng7 20. d5 Bb7 21. gxf5 gxf5 22. Qg2 Rf7 23. Nf3 Kh8 24. Kf2 Rg8 25. Rg1 Qe8 26. d6 Rd7 27. Qh3 Be4 28. Be2 Nc6 1-0

[Event "Sao Paulo Tabuleiro Cultural 2nd"]
[Site "Sao Paulo"]
[Date "2009.12.14"]
[Round "6"]
[White "Oliveira, Jefferson dos Santo"]
[Black "Pires, Marcos Vinicius Tor"]
[Result "1-0"]
[WhiteElo "2278"]
[BlackElo "2113"]
[PlyCount "107"]
[EventDate "2009.12.07"]
[EventType "tourn"]
[EventRounds "8"]
[EventCountry "BRA"]
[SourceTitle "EXT 2022"]
[Source "ChessBase"]
[SourceDate "2021.10.06"]
[SourceVersion "1"]
[SourceVersionDate "2021.10.06"]
[SourceQuality "1"]

1. e4 e6 2. d4 d5 3. Nc3 Bb4 4. e5 c5 5. a3 Bxc3+ 6. bxc3 Qa5 7. Bd2 Qa4 8. Nf3 b6 9. Be3 Ba6 10. Bxa6 Nxa6 11. 0-0 Ne7 12. Qb1 c4 13. Qd1 0-0 14. Bg5 Qd7 15. Re1 Nc7 16. h3 Ne8 17. Qd2 f5 18. exf6 gxf6 19. Bh6 Rf7 20. g4 Nd6 21. Qe3 Ne4 22. Nh4 Qd6 23. f3 Qg3+ 24. Ng2 Ng5 25. Bxg5 fxg5 26. Qxg5+ Rg7 27. Qe5 Qxh3 28. Qxe6+ Kh8 29. Re3 Ng6 30. f4 Qxg2+ 31. Kxg2 Nxf4+ 32. Kf3 Nxe6 33. Rxe6 Rf8+ 34. Kg3 Rfg8 35. Kf4 Rxg4+ 36. Ke5 Rd8 37. Rf1 Re4+ 38. Kf5 Rf8+ 39. Rf6 Ree8 40. Rg1 Rg8 41. Rxg8+ Kxg8 42. Rd6 Re3 43. Rxd5 Rxc3 44. Rd8+ Kg7 45. Rd7+ Kh6 46. Rxa7 Rxc2 47. d5 Rd2 48. Ke6 Re2+ 49. Kd7 c3 50. Rc7 c2 51. d6 Rg2 52. Rc6 Rg7+ 53. Kc8 Rg6 54. Kc7 1-0

[Event "Sao Paulo Tabuleiro Cultural 2nd"]
[Site "Sao Paulo"]
[Date "2009.12.12"]
[Round "7"]
[White "Viana da Costa, Fernando"]
[Black "Oliveira, Jefferson dos Santo"]
[Result "1/2-1/2"]
[WhiteElo "2284"]
[BlackElo "2278"]
[PlyCount "25"]
[EventDate "2009.12.07"]
[EventType "tourn"]
[EventRounds "8"]
[EventCountry "BRA"]
[SourceTitle "EXT 2022"]
[Source "ChessBase"]
[SourceDate "2021.10.06"]
[SourceVersion "1"]
[SourceVersionDate "2021.10.06"]
[SourceQuality "1"]

1. e4 c5 2. c3 d5 3. exd5 Qxd5 4. d4 Nf6 5. Nf3 e6 6. Na3 Qd8 7. Be3 cxd4 8. Nxd4 Be7 9. Be2 0-0 10. Nc4 Nd5 11. Bc1 Bf6 12. 0-0 a6 13. a4 1/2-1/2

[Event "Paulista-ch final"]
[Site "Santos"]
[Date "2008.06.26"]
[Round "1"]
[White "Oliveira, Jefferson dos Santo"]
[Black "Aoyama, Edmundo"]
[Result "1-0"]
[WhiteElo "2276"]
[BlackElo "1866"]
[PlyCount "39"]
[EventDate "2008.06.26"]
[EventType "swiss"]
[EventRounds "7"]
[EventCountry "BRA"]
[SourceTitle "CBM 125 Extra"]
[Source "ChessBase"]
[SourceDate "2008.09.01"]
[SourceVersion "1"]
[SourceVersionDate "2008.09.01"]
[SourceQuality "1"]

1. e4 d6 2. d4 Nf6 3. Nc3 g6 4. f3 Bg7 5. Be3 0-0 6. Qd2 Nbd7 7. 0-0-0 e5 8. Nge2 c6 9. g4 Qa5 10. Kb1 Rd8 11. Ng3 exd4 12. Bxd4 Ne5 13. Be2 Be6 14. g5 Nfd7 15. f4 Ng4 16. Bxg7 Kxg7 17. h3 Nge5 18. fxe5 Nxe5 19. Qf4 b5 20. Rxd6 1-0

[Event "Santos op"]
[Site "Santos"]
[Date "2008.05.18"]
[Round "6"]
[White "Caporale, Giuseppe Guido"]
[Black "Oliveira, Jefferson dos Santo"]
[Result "0-1"]
[WhiteElo "1828"]
[BlackElo "2276"]
[PlyCount "58"]
[EventDate "2008.05.16"]
[EventType "swiss"]
[EventRounds "9"]
[EventCountry "BRA"]
[SourceTitle "CBM 124 Extra"]
[Source "ChessBase"]
[SourceDate "2008.07.03"]
[SourceVersion "1"]
[SourceVersionDate "2008.07.03"]
[SourceQuality "1"]

1. e4 c5 2. Nf3 d6 3. d4 cxd4 4. Nxd4 Nf6 5. Nc3 a6 6. Bc4 e6 7. 0-0 Be7 8. Bb3 0-0 9. f4 Nc6 10. Be3 Na5 11. e5 dxe5 12. fxe5 Nd7 13. Nf3 Qc7 14. Bf4 Nc5 15. Qe1 b5 16. Bg5 Bxg5 17. Nxg5 Bb7 18. Qg3 h6 19. Nf3 Naxb3 20. cxb3 Rad8 21. Rac1 Nd3 22. Nd5 Nxc1 23. Nf6+ Kh8 24. Qg4 Bxf3 25. Rxf3 Rd1+ 26. Kf2 Qc5+ 27. Re3 Rd2+ 28. Kf3 Nd3 29. Nd7 Rf2+ 0-1

[Event "Santos op"]
[Site "Santos"]
[Date "2008.05.17"]
[Round "4"]
[White "Arahjo, Rafael Moreira"]
[Black "Oliveira, Jefferson dos Santo"]
[Result "1-0"]
[WhiteElo "2210"]
[BlackElo "2276"]
[PlyCount "103"]
[EventDate "2008.05.16"]
[EventType "swiss"]
[EventRounds "9"]
[EventCountry "BRA"]
[SourceTitle "CBM 124 Extra"]
[Source "ChessBase"]
[SourceDate "2008.07.03"]
[SourceVersion "1"]
[SourceVersionDate "2008.07.03"]
[SourceQuality "1"]

1. d4 Nf6 2. c4 e6 3. Nc3 Bb4 4. e3 0-0 5. Bd3 d5 6. Nf3 c5 7. 0-0 Nc6 8. a3 cxd4 9. exd4 Be7 10. Re1 b6 11. cxd5 Nxd5 12. Nxd5 Qxd5 13. Be4 Qd6 14. Ne5 Bb7 15. Bf4 Bf6 16. Ng6 Qxd4 17. Nxf8 Kxf8 18. Qf3 Rc8 19. Rac1 Qd7 20. Red1 Bd4 21. Qh3 f5 22. Bxc6 Rxc6 23. Rxc6 Bxc6 24. Be3 e5 25. Bxd4 exd4 26. Qd3 b5 27. Qxd4 Qxd4 28. Rxd4 Ke7 29. f4 a5 30. Kf2 a4 31. g3 Ke6 32. Ke3 Bd5 33. Rd2 Kd6 34. Kd4 Be4 35. Re2 g6 36. Rxe4 fxe4 37. Kxe4 Kc5 38. Kd3 b4 39. g4 bxa3 40. bxa3 Kd5 41. h4 h6 42. Ke3 Ke6 43. Ke4 Kf6 44. h5 gxh5 45. gxh5 Ke6 46. f5+ Kf6 47. Kf4 Ke7 48. Ke5 Kf7 49. f6 Kf8 50. Ke4 Kg8 51. Kf4 Kf8 52. Ke5 1-0

[Event "Santos op"]
[Site "Santos"]
[Date "2008.05.16"]
[Round "3"]
[White "Abdalla, Luiz Guilherme"]
[Black "Oliveira, Jefferson dos Santo"]
[Result "0-1"]
[WhiteElo "2022"]
[BlackElo "2276"]
[PlyCount "60"]
[EventDate "2008.05.16"]
[EventType "swiss"]
[EventRounds "9"]
[EventCountry "BRA"]
[SourceTitle "CBM 124 Extra"]
[Source "ChessBase"]
[SourceDate "2008.07.03"]
[SourceVersion "1"]
[SourceVersionDate "2008.07.03"]
[SourceQuality "1"]

1. d4 Nf6 2. c4 e6 3. Nc3 d5 4. cxd5 exd5 5. Bg5 c6 6. e3 Be7 7. Bd3 0-0 8. Nge2 Re8 9. 0-0 Nbd7 10. Qc2 h6 11. Bh4 Nf8 12. a3 Nh5 13. Bxe7 Qxe7 14. b4 Be6 15. f3 Rad8 16. e4 dxe4 17. fxe4 Qg5 18. e5 Bg4 19. Bc4 Ne6 20. Qe4 Rd7 21. b5 c5 22. b6 a6 23. d5 Nd4 24. Nxd4 Rxe5 25. Rae1 Rxe4 26. Nxe4 Qg6 27. Nxc5 Qxb6 28. Ncb3 Nf6 29. h3 Bh5 30. Re5 Qc7 0-1

[Event "Santos op"]
[Site "Santos"]
[Date "2008.05.16"]
[Round "3"]
[White "Oliveira, Jefferson dos Santo"]
[Black "Terao, Rodrigo Akira"]
[Result "1-0"]
[WhiteElo "2276"]
[BlackElo "2162"]
[PlyCount "71"]
[EventDate "2008.05.16"]
[EventType "swiss"]
[EventRounds "9"]
[EventCountry "BRA"]
[SourceTitle "CBM 124 Extra"]
[Source "ChessBase"]
[SourceDate "2008.07.03"]
[SourceVersion "1"]
[SourceVersionDate "2008.07.03"]
[SourceQuality "1"]

1. e4 c5 2. Nf3 e6 3. d4 cxd4 4. Nxd4 a6 5. Nc3 b5 6. Bd3 Bc5 7. Nb3 Ba7 8. Bf4 d6 9. Qe2 e5 10. Bg3 Nf6 11. 0-0-0 0-0 12. Bh4 Be6 13. Rhg1 Bg4 14. f3 Bxg1 15. fxg4 Ba7 16. Nd5 Nbd7 17. Rf1 h6 18. Rf3 g5 19. Be1 Nxd5 20. exd5 Nf6 21. Nd2 Re8 22. Be4 Rc8 23. h4 Bd4 24. hxg5 hxg5 25. Rf5 Nd7 26. Nf1 Kg7 27. Ng3 Rh8 28. Bd2 f6 29. Rf1 Nf8 30. Qf3 Ng6 31. Bxg5 Nf4 32. Bxf4 exf4 33. Nf5+ Kf7 34. Nxd4 Rc4 35. Nc6 Qa5 36. Qxf4 1-0

[Event "Registro op 2008"]
[Site "Registro"]
[Date "2008.05.02"]
[Round "5"]
[White "Leitao, Rafael Duailibe"]
[Black "Oliveira, Jefferson dos Santo"]
[Result "1/2-1/2"]
[WhiteElo "2604"]
[BlackElo "2276"]
[PlyCount "84"]
[EventDate "2008.04.30"]
[EventType "swiss"]
[EventRounds "9"]
[EventCountry "BRA"]
[SourceTitle "EXT 2022"]
[Source "ChessBase"]
[SourceDate "2021.10.06"]
[SourceVersion "1"]
[SourceVersionDate "2021.10.06"]
[SourceQuality "1"]

1. d4 Nf6 2. c4 e6 3. Nf3 d5 4. Nc3 Bb4 5. Qa4+ Nc6 6. e3 0-0 7. Bd2 a6 8. a3 Bd6 9. c5 Be7 10. Bd3 e5 11. Nxe5 Nxe5 12. dxe5 Nd7 13. Qc2 Nxe5 14. Bxh7+ Kh8 15. Bf5 Bxc5 16. Bxc8 Rxc8 17. Ne2 c6 18. Bc3 Bd6 19. Ng3 Re8 20. Rd1 Kg8 21. h4 Ng4 22. Nf5 Be5 23. h5 Bxc3+ 24. bxc3 Qf6 25. Rd4 Re5 26. Rxg4 Qxf5 27. Qxf5 Rxf5 28. Ke2 c5 29. Rh3 Rc6 30. Rhg3 Rxh5 31. Rxg7+ Kf8 32. R3g5 Rxg5 33. Rxg5 Rd6 34. e4 Re6 35. Rxd5 Rxe4+ 36. Kd3 Ra4 37. Rxc5 Rxa3 38. f4 b5 39. Ke4 Kg7 40. g4 Ra4+ 41. Kf3 b4 42. cxb4 Rxb4 1/2-1/2

[Event "Sao Jose de Rio Preto op"]
[Site "Sao Jose de Rio Preto"]
[Date "2008.03.22"]
[Round "4"]
[White "Zallio, Luciano de Souza"]
[Black "Oliveira, Jefferson dos Santo"]
[Result "1-0"]
[WhiteElo "2087"]
[BlackElo "2280"]
[PlyCount "79"]
[EventDate "2008.03.20"]
[EventType "swiss"]
[EventRounds "5"]
[EventCountry "BRA"]
[SourceTitle "CBM 123 Extra"]
[Source "ChessBase"]
[SourceDate "2008.05.06"]
[SourceVersion "1"]
[SourceVersionDate "2008.05.06"]
[SourceQuality "1"]

1. e4 c5 2. Nf3 d6 3. d4 cxd4 4. Nxd4 Nf6 5. Nc3 a6 6. f3 e6 7. Be3 b5 8. a3 Nbd7 9. Qd2 Bb7 10. g4 Nb6 11. h4 Rc8 12. 0-0-0 Nfd7 13. f4 d5 14. f5 e5 15. Nf3 d4 16. Nxd4 exd4 17. Bxd4 Nc4 18. Bxc4 Rxc4 19. g5 Qc7 20. Rhe1 b4 21. axb4 Rxb4 22. e5 Bc5 23. Bxc5 Nxc5 24. e6 fxe6 25. fxe6 Qe7 26. Qf2 Rf8 27. Qg3 Nxe6 28. Rxe6 Qxe6 29. Re1 Be4 30. Nxe4 Rxe4 31. Qb8+ Kf7 32. Qb7+ Kg6 33. Qxe4+ Qxe4 34. Rxe4 Rd8 35. Rf4 Kh5 36. b4 h6 37. gxh6 gxh6 38. Kb2 Rb8 39. Ka3 Kg6 40. c4 1-0

[Event "Sao Paulo Paulista-ch"]
[Site "Sao Paulo"]
[Date "2007.06.29"]
[Round "2"]
[White "Massarioli, Felipe Alvarenga"]
[Black "Oliveira, Jefferson dos Santo"]
[Result "1/2-1/2"]
[WhiteElo "2063"]
[BlackElo "2289"]
[PlyCount "80"]
[EventDate "2007.06.28"]
[EventType "swiss"]
[EventRounds "7"]
[EventCountry "BRA"]
[SourceTitle "CBM 119 Extra"]
[Source "ChessBase"]
[SourceDate "2007.09.04"]
[SourceVersion "1"]
[SourceVersionDate "2007.09.04"]
[SourceQuality "1"]

1. d4 Nf6 2. c4 e6 3. Nc3 Bb4 4. Qc2 0-0 5. e3 b6 6. Nf3 Bb7 7. Be2 c5 8. Bd2 cxd4 9. exd4 d5 10. cxd5 Nxd5 11. Nxd5 Bxd2+ 12. Qxd2 Qxd5 13. 0-0 Nc6 14. Rfd1 Rfd8 15. a3 Rd6 16. Rac1 Rad8 17. Bc4 Qe4 18. Bd3 Qg4 19. h3 Qh5 20. Be2 Qg6 21. Bf1 Qf6 22. Qe3 Ne7 23. Be2 Nf5 24. Qe5 Nxd4 25. Qe3 Bxf3 26. gxf3 g6 27. b3 Rd5 28. Kg2 Kg7 29. f4 Nxe2 30. Qxe2 Qxf4 31. Rxd5 Rxd5 32. Qb2+ Kh6 33. Rc4 Qg5+ 34. Rg4 Rd2 35. Qh8 Qd5+ 36. Kg3 Qxb3+ 37. f3 Qb2 38. Rh4+ Kg5 39. Rg4+ Kf5 40. Rf4+ Kg5 1/2-1/2

[Event "Botucatu 152 Ann op"]
[Site "Botucatu"]
[Date "2007.04.21"]
[Round "4"]
[White "Matsuura, Everaldo"]
[Black "Oliveira, Jefferson dos Santo"]
[Result "1-0"]
[WhiteElo "2502"]
[BlackElo "2289"]
[PlyCount "49"]
[EventDate "2007.04.20"]
[EventType "swiss"]
[EventRounds "6"]
[EventCountry "BRA"]
[SourceTitle "EXT 2022"]
[Source "ChessBase"]
[SourceDate "2021.10.06"]
[SourceVersion "1"]
[SourceVersionDate "2021.10.06"]
[SourceQuality "1"]

1. e4 c5 2. Nf3 d6 3. d4 cxd4 4. Nxd4 Nf6 5. Nc3 a6 6. Be3 e6 7. f3 b5 8. Qd2 Nbd7 9. g4 Nb6 10. Bd3 Bb7 11. 0-0-0 Rc8 12. Kb1 Nfd7 13. Qf2 Rxc3 14. bxc3 Qc7 15. Ne2 Be7 16. g5 Na4 17. h4 Ne5 18. Bd4 0-0 19. h5 Bxg5 20. f4 Nxd3 21. cxd3 Bh6 22. Rhg1 e5 23. fxe5 dxe5 24. Qf6 exd4 25. Rxg7+ 1-0